000 004890000a22001930004500
001 000926
003 MACL
005 20150823142350.0
008 150823b xxu||||| |||| 00| 0 eng d
040 _aMACL
_cMACL
041 _aEnglish
082 _a341.481/ALA
100 _aAlam, Aftab
_97046
245 _aHuman Rights In India
_bIssues And Challenges
_cAftab Alam
260 _aDelhi
_c2000
_bRaj Publications,
350 _a750
650 _aPolitical Science
_988
942 _k341
_cBK
_2ddc
999 _c924
_d924